4 ; (Record no. 136770)

MARC details
000 -CABECERA
campo de control de longitud fija 03089ngm a2200733 i 4500
001 - NÚMERO DE CONTROL
campo de control 991061509082506706
003 - IDENTIFICADOR DEL NÚMERO DE CONTROL
campo de control ES-BaIT
005 - FECHA Y HORA DE LA ÚLTIMA TRANSACCIÓN
campo de control 20251029125122.0
007 - CAMPO FIJO DE DESCRIPCIÓN FÍSICA--INFORMACIÓN GENERAL
campo de control de longitud fija vd#csai|k
008 - DATOS DE LONGITUD FIJA--INFORMACIÓN GENERAL
campo de control de longitud fija 251029p20212020gw 101 vlger c
024 1# - IDENTIFICADOR DE OTROS ESTÁNDARES
Número estándar o código 814337015893
028 42 - NÚMERO DE EDITOR O DISTRIBUIDOR
Número de editor o de distribuidor 758908
Fuente C Major Entertainment
033 00 - FECHA/HORA Y LUGAR DE UN ACONTECIMIENTO
Fecha/hora formateada 2020----
Código de clasificación de área geográfica 6494
Código de clasificación de subárea geográfica V4
035 ## - NÚMERO DE CONTROL DEL SISTEMA
Número de control de sistema (OCoLC)1286111291
035 ## - NÚMERO DE CONTROL DEL SISTEMA
Número de control de sistema (OCoLC)on1286111291
040 ## - FUENTE DE LA CATALOGACIÓN
Centro catalogador/agencia de origen ES-BaIT
Lengua de catalogación cat
Normas de descripción rda
Centro/agencia transcriptor ES-BaIT
080 ## - NÚMERO DE LA CLASIFICACIÓN DECIMAL UNIVERSAL
Número de la Clasificación Decimal Universal 793.4(086.8)
245 00 - MENCIÓN DE TÍTULO
Título 4 ;
Resto del título Live /
Mención de responsabilidad, etc. A co-production of ORF, UNITEL, C Major Entertainment and ZDF in cooperation with Arte, Wiener Staatsoper and Wiener Staatsballett
246 3# - FORMA VARIANTE DE TÍTULO
Título propio/Titulo breve Four
264 #1 - PRODUCCIÓN, PUBLICACIÓN, DISTRIBUCIÓN, FABRICACIÓN Y COPYRIGHT
Producción, publicación, distribución, fabricación y copyright Berlin :
Nombre del de productor, editor, distribuidor, fabricante C Major Entertainment,
Fecha de producción, publicación, distribución, fabricación o copyright [2021]
264 #4 - PRODUCCIÓN, PUBLICACIÓN, DISTRIBUCIÓN, FABRICACIÓN Y COPYRIGHT
Fecha de producción, publicación, distribución, fabricación o copyright © 2021
300 ## - DESCRIPCIÓN FÍSICA
Extensión 1 videodisc (101 min) +
Material acompañante/anejo 1 llibret (15 pàgines)
336 ## - TIPO DE CONTENIDO
Término de tipo de contenido imatge en moviment bidimensional
Código de tipo de contenido tdi
Fuente rdacontent
337 ## - TIPO DE MEDIO
Nombre/término del tipo de medio vídeo
Código del tipo de medio v
Fuente rdamedia
338 ## - TIPO DE SOPORTE
Nombre/término del tipo de soporte videodisc
Código del tipo de soporte vd
Fuente rdacarrier
344 ## - CARACTERÍSTICAS DE SONIDO
Tipo de grabación digital
Fuente rdatr
344 ## - CARACTERÍSTICAS DE SONIDO
Medio de grabación òptic
Fuente rdarm
344 ## - CARACTERÍSTICAS DE SONIDO
Configuración de los canales de reproducción del sonido estèreo
344 ## - CARACTERÍSTICAS DE SONIDO
Configuración de los canales de reproducción del sonido so envoltant
Fuente rdacpc
344 ## - CARACTERÍSTICAS DE SONIDO
Características especiales de reproducción PCM
344 ## - CARACTERÍSTICAS DE SONIDO
Características especiales de reproducción DTS 5.1
346 ## - CARACTERÍSTICAS DE VÍDEO
Estándar de emisión NTSC
Fuente rdabs
347 ## - CARACTERÍSTICAS DEL ARCHIVO DIGITAL
Tipo de archivo fitxer vídeo
Fuente rdaft
347 ## - CARACTERÍSTICAS DEL ARCHIVO DIGITAL
Formato de codificación Blu-ray
347 ## - CARACTERÍSTICAS DEL ARCHIVO DIGITAL
Codificación regional totes les regions
Fuente rdare
508 ## - NOTA DE CRÉDITOS DE CREACIÓN O PRODUCCIÓN
Nota de créditos de creación o producción "Live": Coreografia: Hans van Manen ; música: Franz Liszt (Klavierwerke) ; figurinisme: Keso Decker ; il·luminació: Bert Dalhuysen ; càmara: Henk van Dijk ; direcció de TV: Myriam Hoyer
508 ## - NOTA DE CRÉDITOS DE CREACIÓN O PRODUCCIÓN
Nota de créditos de creación o producción "4": Coreografia: Martin Schläpfer ; música: Gustav Mahler (Sinfonie Nr. 4) ; escenografia: Florain Etti ; figurinisme: Catherine Voeffray ; il·luminació Thomas Diek ; direcció de TV: Myriam Hoyer
511 1# - NOTA DE PARTICIPANTES O INTÉRPRETES
Nota de participantes o intérpretes "Live": Olga Esina, Marcos Menha (ballarins) ; Shino Takizawa (piano)
511 1# - NOTA DE PARTICIPANTES O INTÉRPRETES
Nota de participantes o intérpretes "4": Slavka Zamecnikova (Soprano) ; Wiener Staatsballett ; Orchester der Wiener Staatsoper ; Axel Kober (director d'orquestra)
518 ## - NOTA DE FECHA/HORA Y LUGAR DE UN ACONTECIMIENTO
Nota de fecha/hora y lugar de un acontecimiento Enregistrat en directe a la Wiener Staatsoper, el desembre de 2020
650 #7 - PUNTO DE ACCESO ADICIONAL DE MATERIA--TÉRMINO DE MATERIA
Término de materia o nombre geográfico como elemento de entrada Dansa clàssica
Subdivisión general Coreografies
650 #0 - PUNTO DE ACCESO ADICIONAL DE MATERIA--TÉRMINO DE MATERIA
Término de materia o nombre geográfico como elemento de entrada Dansa filmada
700 1# - ENTRADA AGREGADA--NOMBRE PERSONAL
Nombre de persona Schläpfer, Martin
Fechas asociadas al nombre 1959-
Término indicativo de función/relación coreògraf
700 1# - ENTRADA AGREGADA--NOMBRE PERSONAL
Nombre de persona Manen, Hans van,
Fechas asociadas al nombre 1932-
Término indicativo de función/relación coreògraf
700 1# - ENTRADA AGREGADA--NOMBRE PERSONAL
Nombre de persona Mahler, Gustav,
Fechas asociadas al nombre 1860-1911
Término indicativo de función/relación compositor
700 1# - ENTRADA AGREGADA--NOMBRE PERSONAL
Nombre de persona Liszt, Franz,
Fechas asociadas al nombre 1811-1886
Término indicativo de función/relación compositor
700 1# - ENTRADA AGREGADA--NOMBRE PERSONAL
Nombre de persona Esina, Olga
Fechas asociadas al nombre 1986-
Término indicativo de función/relación ballarí
700 1# - ENTRADA AGREGADA--NOMBRE PERSONAL
Nombre de persona Menha, Marcos,
Término indicativo de función/relación ballarí
700 1# - ENTRADA AGREGADA--NOMBRE PERSONAL
Nombre de persona Kober, Axel
Fechas asociadas al nombre 1970-
Término indicativo de función/relación director d'orquestra
700 12 - ENTRADA AGREGADA--NOMBRE PERSONAL
Información de relación/Frase instructiva de referencia Adaptació coreogràfica de (obra) :
Nombre de persona Liszt, Franz,
Fechas asociadas al nombre 1811-1886.
Título de la obra Musik für Klavier
700 12 - ENTRADA AGREGADA--NOMBRE PERSONAL
Información de relación/Frase instructiva de referencia Adaptació coreogràfica de (obra) :
Nombre de persona Mahler, Gustav,
Fechas asociadas al nombre 1860-1911. Sinfonien. Nr. 4. G-Dur
Título de la obra Sinfonien.
Número de parte o sección de la obra Nr. 4.
Clave para música G-Dur
710 ## - ENTRADA AGREGADA--NOMBRE DE ENTIDAD CORPORATIVA
Nombre de entidad corporativa o nombre de jurisdicción como elemento de entrada Wiener Staatsoper.
Unidad subordinada Ballett
710 ## - ENTRADA AGREGADA--NOMBRE DE ENTIDAD CORPORATIVA
Nombre de entidad corporativa o nombre de jurisdicción como elemento de entrada Wiener Staatsoper.
Unidad subordinada Orchester
710 2# - ENTRADA AGREGADA--NOMBRE DE ENTIDAD CORPORATIVA
Nombre de entidad corporativa o nombre de jurisdicción como elemento de entrada Observer Research Foundation.
710 ## - ENTRADA AGREGADA--NOMBRE DE ENTIDAD CORPORATIVA
Nombre de entidad corporativa o nombre de jurisdicción como elemento de entrada Unitel.
710 ## - ENTRADA AGREGADA--NOMBRE DE ENTIDAD CORPORATIVA
Nombre de entidad corporativa o nombre de jurisdicción como elemento de entrada C Major Entertainment
710 ## - ENTRADA AGREGADA--NOMBRE DE ENTIDAD CORPORATIVA
Nombre de entidad corporativa o nombre de jurisdicción como elemento de entrada Zweites Deutsches Fernsehen.
710 2# - ENTRADA AGREGADA--NOMBRE DE ENTIDAD CORPORATIVA
Nombre de entidad corporativa o nombre de jurisdicción como elemento de entrada Arte (Firma)
730 02 - ENTRADA AGREGADA--TÍTULO UNIFORME
Título uniforme Live (Coreografia : Manen)
9 (RLIN) 167707
730 02 - ENTRADA AGREGADA--TÍTULO UNIFORME
Título uniforme 4 (Coreografia : Schläpfer)
9 (RLIN) 167708
908 ## - COLOCAR PARÁMETRO DE COMANDO (RLIN)
Colocar parámetro de comando CDMAE
940 ## - EQUIVALENCIA O REFERENCIA-CRUZADA--TÍTULO UNIFORME [OBSOLETO] [solamente CAN/MARC]
Título uniforme <a href="OCLC">OCLC</a>
942 ## - ELEMENTOS DE ENTRADA AGREGADA (KOHA)
Fuente del sistema de clasificación o colocación Clasificación decimal universal
Tipo de ítem Koha Vídeo
Holdings
Estado de retiro Estado de pérdida Fuente del sistema de clasificación o colocación Estado dañado No para préstamo Localización permanente Ubicación/localización actual Ubicación en estantería Fecha de adquisición Fuente de adquisición Total de préstamos Signatura topográfica completa Código de barras Fecha visto por última vez Precio válido a partir de Tipo de ítem Koha
    Clasificación decimal universal     Biblioteca Barcelona Biblioteca Barcelona BCN Magatzem Vídeo 29/10/2025 Donatiu   VM10-00408 1900089416 29/10/2025 29/10/2025 Vídeo

Powered by Koha